[Event "XXXI Memorial Edoardo Crespi B"]
[Site "Milano ITA"]
[Date "2010.12.08"]
[Round "7"]
[White "Cattaneo, Marco"]
[Black "Cardani, Roberto"]
[Result "1/2-1/2"]
[WhiteElo "1852"]
[BlackElo "1933"]
[PlyCount "44"]
[EventDate "2010.12.04"]

1. d4 Nf6 2. Nf3 d5 3. c4 e6 4. Nc3 c6 5. e3 Nbd7 6. Qc2 Bd6 7. g4 h6 8. Bd2
Qe7 9. Rg1 dxc4 10. Bxc4 b5 11. Bd3 Bb7 12. e4 b4 13. Ne2 e5 14. dxe5 Nxe5 15.
Nxe5 Bxe5 16. f4 Bc7 17. O-O-O Bb6 18. Rg2 O-O-O 19. Ng3 g6 20. Be2 Kb8 21. Bf3
c5 22. Be3 Nd5 1/2-1/2

[Event "XXXI Memorial Edoardo Crespi B"]
[Site "Milano ITA"]
[Date "2010.12.08"]
[Round "7"]
[White "Cerioni, Armando"]
[Black "Olivieri, Alessandro"]
[Result "1-0"]
[WhiteElo "1986"]
[BlackElo "1937"]
[PlyCount "75"]
[EventDate "2010.12.04"]

1. f4 d5 2. Nf3 Nf6 3. d3 b6 4. g3 Bb7 5. Bg2 c5 6. O-O Nbd7 7. e4 dxe4 8. Ng5
Qc7 9. Nxe4 g6 10. Qe2 Rb8 11. f5 Nxe4 12. dxe4 Bg7 13. Nc3 O-O 14. Bf4 Be5 15.
Nd5 Bxd5 16. exd5 c4 17. Rae1 f6 18. Bh6 Rfd8 19. fxg6 hxg6 20. Qg4 Kh7 21. Be4
Bd4+ 22. Kh1 Ne5 23. Bxg6+ Nxg6 24. Qh5 Ne5 25. Be3+ Kg7 26. Bxd4 Rxd5 27. Bxe5
Rxe5 28. Rxe5 Qxe5 29. Qxe5 fxe5 30. Rd1 Rb7 31. Kg2 Rc7 32. c3 Rc5 33. Kf3 a5
34. a4 b5 35. Ke4 Kf6 36. Rd5 Rxd5 37. Kxd5 Kf5 38. g4+ 1-0

[Event "XXXI Memorial Edoardo Crespi B"]
[Site "Milano ITA"]
[Date "2010.12.08"]
[Round "7"]
[White "Cimo', Alessandro"]
[Black "Lancianese, Giuseppe"]
[Result "0-1"]
[WhiteElo "1792"]
[BlackElo "1784"]
[PlyCount "46"]
[EventDate "2010.12.04"]

1. d4 Nf6 2. c4 e5 3. dxe5 Ng4 4. Nf3 Bc5 5. e3 Nc6 6. a3 a5 7. Bd2 Ngxe5 8.
Bc3 Nxf3+ 9. Qxf3 O-O 10. Bd3 Ne7 11. Bxh7+ Kxh7 12. Qh5+ Kg8 13. Qxc5 d6 14.
Qd4 Nf5 15. Qd3 Qg5 16. g3 Re8 17. Bd2 Qg4 18. h3 Qf3 19. Rf1 Be6 20. Nc3 c5
21. Nd5 Nd4 22. Nf4 Bf5 23. Qc3 Nc2+ 0-1

[Event "XXXI Memorial Edoardo Crespi B"]
[Site "Milano ITA"]
[Date "2010.12.08"]
[Round "7"]
[White "Colica, Daniele"]
[Black "D'Avino, Luca"]
[Result "1-0"]
[WhiteElo "1753"]
[BlackElo "1915"]
[PlyCount "45"]
[EventDate "2010.12.04"]

1. e4 c5 2. Nf3 d6 3. Bb5+ Bd7 4. a4 a6 5. Bxd7+ Qxd7 6. O-O e6 7. Nc3 Be7 8.
d4 cxd4 9. Nxd4 Nc6 10. f4 Nxd4 11. Qxd4 Bf6 12. e5 dxe5 13. Qxd7+ Kxd7 14.
fxe5 Bxe5 15. Rxf7+ Ne7 16. Bg5 Bd4+ 17. Kh1 Bf6 18. Bxf6 gxf6 19. Rd1+ Ke8 20.
Rxf6 Rf8 21. Rxe6 Kf7 22. Rb6 Ra7 23. Kg1 1-0

[Event "XXXI Memorial Edoardo Crespi B"]
[Site "Milano ITA"]
[Date "2010.12.08"]
[Round "7"]
[White "De Santis, Massimo"]
[Black "Mansueti, Marco"]
[Result "1-0"]
[WhiteElo "1914"]
[BlackElo "1873"]
[PlyCount "63"]
[EventDate "2010.12.04"]

1. e4 e5 2. Nf3 Nc6 3. Bb5 Bc5 4. c3 a6 5. Bxc6 dxc6 6. Nxe5 Qh4 7. O-O Nf6 8.
d4 Be7 9. f3 g5 10. Qb3 O-O 11. Be3 g4 12. Bf2 Qh5 13. Nd2 gxf3 14. Nexf3 Ng4
15. Bg3 Bd6 16. e5 Be7 17. Rae1 b5 18. Qd1 Be6 19. b3 Rad8 20. Ne4 c5 21. h3
Nh6 22. Nfg5 Qg6 23. Nxe6 fxe6 24. Rxf8+ Bxf8 25. Bh4 Ra8 26. Nxc5 Nf5 27. Bf6
Kf7 28. Qf3 Re8 29. Nxa6 Bh6 30. Nxc7 Rg8 31. Qc6 Qg3 32. Qxe6+ 1-0

[Event "XXXI Memorial Edoardo Crespi B"]
[Site "Milano ITA"]
[Date "2010.12.08"]
[Round "7"]
[White "Di Lascio, Savino"]
[Black "Juciute, Einora"]
[Result "1-0"]
[WhiteElo "1940"]
[BlackElo "1843"]
[PlyCount "69"]
[EventDate "2010.12.04"]

1. e4 e5 2. Nf3 Nc6 3. d4 exd4 4. Nxd4 Nf6 5. Bg5 Be7 6. Nxc6 bxc6 7. e5 Nd5 8.
Bd2 Bc5 9. c4 Qh4 10. Qf3 Ne7 11. g3 Qd4 12. Bc3 Bb4 13. Bxb4 Qxb2 14. Qc3
Qxc3+ 15. Nxc3 Ng6 16. f4 a5 17. Ba3 Ba6 18. Kf2 O-O-O 19. c5 Bb7 20. Bh3 f6
21. e6 Ne7 22. exd7+ Kb8 23. Rhd1 h5 24. Rab1 h4 25. g4 g5 26. f5 Ka7 27. Rd2
Rh7 28. Bg2 h3 29. Bf3 Ng8 30. Rdb2 Ba8 31. Rb8 Rhxd7 32. Rxa8+ Kxa8 33. Bxc6+
Ka7 34. Bxd7 Rxd7 35. Rd1 1-0

[Event "XXXI Memorial Edoardo Crespi B"]
[Site "Milano ITA"]
[Date "2010.12.08"]
[Round "7"]
[White "Fornasir, Carlo Gustavo"]
[Black "Guidi, Giacomo G."]
[Result "0-1"]
[WhiteElo "1876"]
[BlackElo "1996"]
[PlyCount "50"]
[EventDate "2010.12.04"]

1. e4 c5 2. c3 d5 3. exd5 Qxd5 4. d4 e6 5. Nf3 Nf6 6. Be2 Be7 7. O-O Nc6 8. Bf4
O-O 9. Na3 cxd4 10. Nb5 dxc3 11. Nc7 Qf5 12. Bg3 cxb2 13. Rb1 Rb8 14. Nd4 Qc5
15. Na6 bxa6 16. Nxc6 Rb6 17. Nxe7+ Qxe7 18. Qc2 Qb4 19. Bc7 Rb7 20. Bxa6 Rxc7
21. Qxc7 Bxa6 22. Rfd1 Nd5 23. Qxa7 Be2 24. a3 Qc3 25. Re1 Bd3 0-1

[Event "XXXI Memorial Edoardo Crespi B"]
[Site "Milano ITA"]
[Date "2010.12.08"]
[Round "7"]
[White "Forno, Roberto"]
[Black "Franco, Alessandro P."]
[Result "1-0"]
[WhiteElo "1940"]
[BlackElo "1906"]
[PlyCount "57"]
[EventDate "2010.12.04"]

1. d4 Nf6 2. Bg5 e6 3. e3 c5 4. Nf3 Nc6 5. c3 Be7 6. Qc2 O-O 7. Bd3 Kh8 8. Nbd2
b6 9. O-O Bb7 10. Rad1 Rc8 11. a3 h6 12. Bh4 d6 13. h3 cxd4 14. exd4 Rg8 15.
Rfe1 g5 16. Bg3 g4 17. hxg4 Rxg4 18. Qc1 Nh7 19. d5 Rxg3 20. fxg3 Ne5 21. Bxh7
Kxh7 22. Nxe5 dxe5 23. dxe6 Bc5+ 24. Kh2 Qd5 25. Nf3 Qxe6 26. Rxe5 Qg4 27. Qf4
h5 28. Ng5+ Kh8 29. Qf6+ 1-0

[Event "XXXI Memorial Edoardo Crespi B"]
[Site "Milano ITA"]
[Date "2010.12.08"]
[Round "7"]
[White "Ganci, Stefano"]
[Black "Velluti, Alberto"]
[Result "1-0"]
[WhiteElo "1891"]
[BlackElo "1947"]
[PlyCount "119"]
[EventDate "2010.12.04"]

1. b4 e5 2. Bb2 d6 3. c4 Be6 4. e3 f5 5. d4 Nd7 6. Nf3 Qf6 7. d5 Bf7 8. Be2 Be7
9. Nc3 Qg6 10. O-O h5 11. Qc2 h4 12. h3 Ngf6 13. Rfd1 Nh7 14. Nb5 Kd8 15. Rac1
a6 16. Nc3 Ng5 17. Nxg5 Qxg5 18. e4 f4 19. Bf3 Rh6 20. Qe2 Nf6 21. Rd2 Be8 22.
Kh1 Bd7 23. Rdc2 b6 24. Nb1 Ne8 25. Nd2 Qf6 26. Nb3 g5 27. c5 Bb5 28. Qd1 Qg7
29. Bg4 bxc5 30. bxc5 Nf6 31. f3 Bd7 32. cxd6 Bxd6 33. Bxd7 Nxd7 34. Na5 Ke8
35. Nc6 Kf8 36. Qd3 Rf6 37. Qb3 Qf7 38. Ba3 Qe8 39. Bxd6+ cxd6 40. Qb7 Qc8 41.
Rb1 Rf7 42. Qxc8+ Rxc8 43. Rb7 Nc5 44. Rxf7+ Kxf7 45. Rb2 Rc7 46. Rb8 Kf6 47.
Kg1 Rb7 48. Kf2 Rxb8 49. Nxb8 a5 50. Ke2 a4 51. Nc6 Kf7 52. Kd2 Ke8 53. Nb4 Kd7
54. Nd3 Nb7 55. Kc3 Nc5 56. Nxc5+ dxc5 57. Kc4 Kd6 58. Kb5 a3 59. Kc4 g4 60.
fxg4 1-0

[Event "XXXI Memorial Edoardo Crespi B"]
[Site "Milano ITA"]
[Date "2010.12.08"]
[Round "7"]
[White "Gongalov, Bojan"]
[Black "Reale, Simone"]
[Result "1-0"]
[WhiteElo "2026"]
[BlackElo "1907"]
[PlyCount "101"]
[EventDate "2010.12.04"]

1. d4 Nf6 2. c4 e5 3. d5 Bc5 4. Nc3 d6 5. Nf3 Bf5 6. Bg5 Nbd7 7. e4 Bg4 8. Be2
a5 9. O-O h6 10. Bxf6 Nxf6 11. Nd2 Bxe2 12. Qxe2 g6 13. g3 Qd7 14. Kg2 h5 15.
h3 h4 16. g4 g5 17. Nd1 Nh7 18. Ne3 Bxe3 19. fxe3 Rb8 20. c5 f6 21. cxd6 cxd6
22. Nc4 b6 23. Rac1 Ke7 24. Rc3 Rhc8 25. Rfc1 Rc5 26. Na3 Qb7 27. Nb5 Rbc8 28.
a4 Rxc3 29. Rxc3 Rxc3 30. Nxc3 Qc8 31. Kf3 Nf8 32. Qb5 Qc5 33. Qc6 Qb4 34. Nb5
Qe1 35. Qc7+ Nd7 36. Qxd6+ Kd8 37. Qc7+ Ke7 38. d6+ Kf7 39. Qxd7+ Kf8 40. Qc8+
Kg7 41. Qc2 Qf1+ 42. Qf2 Qxh3+ 43. Ke2 Qxg4+ 44. Qf3 Qc8 45. Nc7 Qg8 46. Nd5
Qe6 47. d7 Qxd7 48. Qxf6+ Kh7 49. Qf5+ Qxf5 50. exf5 e4 51. Nf6+ 1-0

[Event "XXXI Memorial Edoardo Crespi B"]
[Site "Milano ITA"]
[Date "2010.12.08"]
[Round "7"]
[White "Guidi, Paolo"]
[Black "Silari, Andrea"]
[Result "1-0"]
[WhiteElo "1874"]
[BlackElo "1805"]
[PlyCount "81"]
[EventDate "2010.12.04"]

1. Nf3 Nf6 2. d4 d5 3. e3 e6 4. Bd3 c5 5. b3 b6 6. O-O Ba6 7. c4 cxd4 8. exd4
dxc4 9. bxc4 Be7 10. Bg5 O-O 11. Bxf6 Bxf6 12. Be4 Bxc4 13. Bxa8 Bxf1 14. Kxf1
e5 15. Nc3 exd4 16. Nd5 Na6 17. Nxf6+ Qxf6 18. Be4 Re8 19. Bd3 Nc5 20. Qd2 g6
21. Rd1 Rd8 22. Qg5 Qxg5 23. Nxg5 h6 24. Nf3 Kg7 25. Bc4 d3 26. Rd2 f5 27. Ne1
Ne4 28. Rxd3 Rxd3 29. Bxd3 Nc5 30. Ke2 Kf6 31. Ke3 g5 32. Kd4 Ke6 33. Bc4+ Kd6
34. f3 h5 35. Nd3 Nd7 36. Bf7 Nf6 37. Nb2 b5 38. Nd1 f4 39. Nc3 a6 40. Ne4+
Nxe4 41. Kxe4 1-0

[Event "XXXI Memorial Edoardo Crespi B"]
[Site "Milano ITA"]
[Date "2010.12.08"]
[Round "7"]
[White "Guzzetti, Luigi Enrico"]
[Black "Morandi, Daniele"]
[Result "1/2-1/2"]
[WhiteElo "1889"]
[BlackElo "1925"]
[PlyCount "155"]
[EventDate "2010.12.04"]

1. e4 e5 2. Nf3 Nc6 3. Bb5 a6 4. Ba4 Nf6 5. O-O Be7 6. Re1 b5 7. Bb3 d6 8. c3
O-O 9. h3 Na5 10. Bc2 c5 11. d4 Qc7 12. Nbd2 Nc6 13. d5 Na5 14. Nf1 Bd7 15. Ng3
Rfb8 16. b3 c4 17. Bd2 cxb3 18. axb3 Nb7 19. Nh4 a5 20. Nhf5 Bf8 21. Qf3 Ne8
22. Ne2 b4 23. c4 Nc5 24. Qg3 g6 25. Reb1 a4 26. bxa4 Bxa4 27. Bxa4 Nxe4 28.
Qd3 gxf5 29. Bxe8 Rxe8 30. Rxa8 Rxa8 31. Rxb4 Qc5 32. Qe3 Ra2 33. Ng3 Rxd2 34.
Nxe4 Qxe3 35. Nf6+ Kg7 36. Ne8+ Kg6 37. fxe3 Bh6 38. Rb3 Re2 39. Nxd6 Bxe3+ 40.
Kf1 Rf2+ 41. Ke1 f4 42. Ne4 Rc2 43. Rc3 Rxc3 44. Nxc3 f5 45. Ke2 Kf6 46. g3 Bd4
47. Nb5 fxg3 48. Kf3 f4 49. Nc7 Ke7 50. Ne6 Kd6 51. h4 h5 52. Kg2 Be3 53. Ng7
Kc5 54. Nxh5 Kxc4 55. d6 Bb6 56. d7 Kd5 57. Nf6+ Ke6 58. Ng4 e4 59. h5 Kxd7 60.
Nf6+ Ke6 61. Nxe4 Bc7 62. Kf3 Kf5 63. Nc5 Bd6 64. Ne4 Bb8 65. Nc5 Kg5 66. Nd7
Bd6 67. h6 Kxh6 68. Nf6 Kg6 69. Ne4 Be5 70. Nc5 Kg5 71. Nd3 Bb8 72. Kg2 Kf5 73.
Ne1 Ke4 74. Nf3 Ba7 75. Ng5+ Ke3 76. Nf3 Bd4 77. Ng1 Bf6 78. Nf3 1/2-1/2

[Event "XXXI Memorial Edoardo Crespi B"]
[Site "Milano ITA"]
[Date "2010.12.08"]
[Round "7"]
[White "Illyuviev, Oleg"]
[Black "Kimbin, Richard Conrod"]
[Result "0-1"]
[WhiteElo "1988"]
[BlackElo "1928"]
[PlyCount "94"]
[EventDate "2010.12.04"]

1. c4 Nf6 2. Nc3 g6 3. d4 Bg7 4. e4 d6 5. Bd3 Na6 6. Nge2 c5 7. d5 O-O 8. O-O
e5 9. dxe6 fxe6 10. a3 Nc7 11. Nf4 Qe7 12. f3 Bd7 13. Re1 e5 14. Nfd5 Nfxd5 15.
exd5 Bf5 16. Ne4 Bxe4 17. Rxe4 Qf7 18. Be3 Ne8 19. Qd2 Nf6 20. Rh4 Nh5 21. Rf1
Nf4 22. g3 Bf6 23. Rh6 Bg5 24. Bxf4 exf4 25. Rh3 Qf6 26. Qc3 fxg3 27. hxg3 Be3+
28. Kg2 Bd4 29. Qb3 b6 30. Be4 Rae8 31. Qc2 Bxb2 32. Rfh1 Re7 33. a4 Bd4 34.
Rh6 Rg7 35. g4 Be3 36. R6h3 Qf4 37. Re1 Bd4 38. Bd3 Be5 39. Re4 Qg5 40. Qe2
Rgf7 41. Bc2 Rf4 42. Rxe5 dxe5 43. Be4 h5 44. Rg3 hxg4 45. fxg4 Rf2+ 46. Qxf2
Rxf2+ 47. Kxf2 Qd2+ 0-1

[Event "XXXI Memorial Edoardo Crespi B"]
[Site "Milano ITA"]
[Date "2010.12.07"]
[Round "7"]
[White "Lanni, Vincenzo"]
[Black "Motola, Jacopo"]
[Result "0-1"]
[WhiteElo "1803"]
[BlackElo "1837"]
[PlyCount "85"]
[EventDate "2010.12.04"]

1. d4 d5 2. g3 e6 3. Bg2 c5 4. c3 Nf6 5. Nf3 Nc6 6. O-O Bd6 7. Nbd2 O-O 8. Re1
e5 9. dxe5 Nxe5 10. Nxe5 Bxe5 11. Qc2 Re8 12. e4 Bd6 13. f4 dxe4 14. Nxe4 Bf5
15. Nxf6+ Qxf6 16. Rxe8+ Rxe8 17. Qf2 Qe7 18. Bd2 c4 19. Kh1 Bc5 20. Qf3 b6 21.
h3 Qd7 22. Re1 Rxe1+ 23. Bxe1 Bxh3 24. Qe2 b5 25. Kh2 Bxg2 26. Kxg2 Qd5+ 27.
Kh2 Qe6 28. Qd2 h5 29. Bf2 Bxf2 30. Qxf2 a6 31. Kg2 Qe4+ 32. Kh2 g6 33. Qd2 Kh7
34. Qf2 Kg7 35. Qd2 Qd3 36. Qf2 a5 37. a3 Qd6 38. Kg2 a4 39. Qe3 Qd5+ 40. Kh2
Kf6 41. Qf2 Kf5 42. Qe2 Qe4 43. Qd2 0-1

[Event "XXXI Memorial Edoardo Crespi B"]
[Site "Milano ITA"]
[Date "2010.12.08"]
[Round "7"]
[White "Marchini, Daniele"]
[Black "Primerano, Carlo"]
[Result "0-1"]
[WhiteElo "1847"]
[BlackElo "1763"]
[PlyCount "92"]
[EventDate "2010.12.04"]

1. d4 d5 2. c4 e6 3. Nc3 c6 4. e3 f5 5. Nf3 Nf6 6. Bd3 Bd6 7. O-O O-O 8. Nd2
Ne4 9. cxd5 exd5 10. f4 Nxd2 11. Bxd2 Rf6 12. Qc2 Be6 13. Rf3 Nd7 14. Raf1 Qf8
15. Rg3 Rg6 16. Rff3 Rxg3 17. Rxg3 Qf6 18. Rg5 Rf8 19. Qd1 h6 20. Rg3 Qf7 21.
Be2 Nf6 22. Be1 Ne4 23. Nxe4 dxe4 24. Bh5 Qd7 25. b3 Bf7 26. h3 Qe8 27. Bxf7+
Qxf7 28. Bc3 Kh7 29. d5 g6 30. dxc6 Be7 31. c7 Bh4 32. Be5 Bxg3 33. Qd8 Qe8 34.
Bf6 Bh4 35. c8=Q Qxd8 36. Bxd8 Rxd8 37. Qxb7+ Kh8 38. Kh2 Rd3 39. Qxa7 g5 40.
Qb8+ Kg7 41. Qc7+ Kg6 42. Qc6+ Kg7 43. Qb7+ Kg6 44. Qc6+ Kg7 45. Qe6 Rxe3 46.
Qxf5 Bg3+ 0-1

[Event "XXXI Memorial Edoardo Crespi B"]
[Site "Milano ITA"]
[Date "2010.12.08"]
[Round "7"]
[White "Marincolo, Piercarlo"]
[Black "Ciciotti, Augusto"]
[Result "1/2-1/2"]
[WhiteElo "1953"]
[BlackElo "1909"]
[PlyCount "176"]
[EventDate "2010.12.04"]

1. e4 c5 2. Nf3 d6 3. d4 cxd4 4. Nxd4 Nf6 5. Nc3 g6 6. Be2 Bg7 7. O-O O-O 8.
Be3 Nc6 9. Kh1 a6 10. a4 Nxd4 11. Bxd4 Be6 12. f4 Qc7 13. Nd5 Bxd5 14. exd5
Rac8 15. c4 Nd7 16. Bxg7 Kxg7 17. Qd4+ Kg8 18. b4 Qb6 19. Qd2 Nf6 20. Qd3 Rc7
21. Rfb1 Rfc8 22. a5 Qf2 23. Rf1 Qh4 24. g3 Qh3 25. Qd1 h5 26. Rc1 Ne4 27. Rf3
Nf6 28. Bf1 Qf5 29. Bd3 Qh3 30. f5 g5 31. Qd2 Qg4 32. Rcf1 Rxc4 33. Bxc4 Rxc4
34. Qe3 Nxd5 35. Qa7 Rxb4 36. Qb8+ Kg7 37. Qd8 Qe4 38. Kg1 g4 39. f6+ exf6 40.
Rxf6 Qd4+ 41. R6f2 Qe3 42. Qxd6 Rd4 43. Qd7 Nf4 44. Qxb7 Nh3+ 45. Kg2 Nxf2 46.
Rxf2 Qe4+ 47. Qxe4 Rxe4 48. Rf5 Kg6 49. Rc5 Re2+ 50. Kg1 Re1+ 51. Kf2 Rh1 52.
Rc6+ f6 53. Kg2 Ra1 54. Rxa6 Ra2+ 55. Kg1 Kf5 56. Kh1 Ke5 57. Kg1 f5 58. Rh6
Ra1+ 59. Kf2 Ra2+ 60. Ke3 Rxa5 61. Rxh5 Ra3+ 62. Kf2 Ke4 63. Kf1 Ra2 64. Kg1 f4
65. Rb5 f3 66. Rb4+ Ke3 67. Rb1 Rg2+ 68. Kh1 Rd2 69. Kg1 Ke2 70. Rf1 Rd1 71.
Rxd1 Kxd1 72. Kf2 Kd2 73. h4 gxh3 74. Kxf3 Kd3 75. g4 h2 76. Kg2 h1=Q+ 77. Kxh1
Ke4 78. Kh2 Kf4 79. Kh3 Kg5 80. Kg3 Kf6 81. Kf4 Kg6 82. g5 Kg7 83. Kf5 Kf7 84.
g6+ Kg8 85. Kg5 Kg7 86. Kh5 Kg8 87. Kg4 Kg7 88. Kg5 Kg8 1/2-1/2

[Event "XXXI Memorial Edoardo Crespi B"]
[Site "Milano ITA"]
[Date "2010.12.08"]
[Round "7"]
[White "Monticone, Sonia"]
[Black "Regorda, Vittorio"]
[Result "0-1"]
[WhiteElo "1827"]
[BlackElo "1881"]
[PlyCount "78"]
[EventDate "2010.12.04"]

1. c4 Nf6 2. Nc3 c6 3. d4 d5 4. e3 a6 5. cxd5 cxd5 6. a4 Nc6 7. Nf3 Bf5 8. Bd3
Bxd3 9. Qxd3 e6 10. O-O Bd6 11. e4 dxe4 12. Nxe4 O-O 13. Nxf6+ Qxf6 14. Bg5 Qg6
15. Qxg6 hxg6 16. Rfd1 Nb4 17. Rac1 f6 18. Be3 Kf7 19. g3 Rfd8 20. Kf1 Rac8 21.
b3 Rc7 22. Rxc7+ Bxc7 23. Rc1 Bd6 24. Bd2 Nd5 25. Ba5 Rd7 26. Ke2 b6 27. Bd2
Rc7 28. Rxc7+ Nxc7 29. Be3 g5 30. Nd2 Nd5 31. Ne4 Be7 32. h3 Kg6 33. g4 f5 34.
Ng3 f4 35. Ne4 fxe3 36. fxe3 Kf7 37. Kd3 Ke8 38. Nd2 Bd8 39. Nc4 Bc7 0-1

[Event "XXXI Memorial Edoardo Crespi B"]
[Site "Milano ITA"]
[Date "2010.12.08"]
[Round "7"]
[White "Nepi, Ezio"]
[Black "Miracola, Massimiliano"]
[Result "0-1"]
[WhiteElo "1904"]
[BlackElo "1862"]
[PlyCount "28"]
[EventDate "2010.12.04"]

1. d4 d5 2. c4 e6 3. cxd5 exd5 4. Nc3 c6 5. Nf3 Nf6 6. Bg5 Be7 7. Qc2 g6 8. e3
Bf5 9. Bd3 Bxd3 10. Qxd3 Nbd7 11. O-O O-O 12. Rab1 Ne4 13. Nxe4 dxe4 14. Qxe4
Bxg5 0-1

[Event "XXXI Memorial Edoardo Crespi B"]
[Site "Milano ITA"]
[Date "2010.12.08"]
[Round "7"]
[White "Orsi, Matteo"]
[Black "Petrone, Gianmario"]
[Result "1-0"]
[WhiteElo "1954"]
[BlackElo "1778"]
[PlyCount "37"]
[EventDate "2010.12.04"]

1. d4 d5 2. Nf3 Nf6 3. c4 c6 4. Qc2 g6 5. g3 Bg7 6. Bg2 O-O 7. O-O Bf5 8. Qb3
Qd7 9. Ne5 Qc7 10. cxd5 cxd5 11. Bf4 Nh5 12. Rc1 Qb6 13. Qxb6 axb6 14. Be3 Nd7
15. Nxd7 Bxd7 16. Bxd5 Rfd8 17. Bxb7 Ra7 18. Bf3 Bb5 19. Nc3 1-0

[Event "XXXI Memorial Edoardo Crespi B"]
[Site "Milano ITA"]
[Date "2010.12.08"]
[Round "7"]
[White "Oteri, Aldo"]
[Black "Sirletti, Sonia"]
[Result "1-0"]
[WhiteElo "1833"]
[BlackElo "1903"]
[PlyCount "51"]
[EventDate "2010.12.04"]

1. e4 d6 2. d4 Nf6 3. Bd3 e5 4. c3 Be7 5. f4 Nc6 6. Nf3 Bg4 7. dxe5 dxe5 8. h3
Bxf3 9. Qxf3 O-O 10. O-O Bc5+ 11. Kh1 a6 12. b4 Bd6 13. f5 Na7 14. g4 Ne8 15.
g5 c5 16. Bc4 Kh8 17. a3 cxb4 18. axb4 Qc7 19. Bd5 Nc6 20. Rg1 a5 21. Qh5 g6
22. Qh6 Rg8 23. f6 Rc8 24. Rg4 Bf8 25. Qxh7+ Kxh7 26. Rh4+ 1-0

[Event "XXXI Memorial Edoardo Crespi B"]
[Site "Milano ITA"]
[Date "2010.12.08"]
[Round "7"]
[White "Paganini, Andrea"]
[Black "Colombo, Luca"]
[Result "1-0"]
[WhiteElo "1840"]
[BlackElo "1912"]
[PlyCount "60"]
[EventDate "2010.12.04"]

1. e4 c5 2. Nf3 d6 3. d4 cxd4 4. c3 Nf6 5. e5 Nd5 6. Bc4 e6 7. cxd4 Nb6 8. Bb3
Nc6 9. O-O Be7 10. Nc3 dxe5 11. dxe5 O-O 12. Qe2 a6 13. Rd1 Qc7 14. Bc2 Nd7 15.
Qe4 g6 16. Bh6 Re8 17. Bf4 b5 18. Rac1 Bb7 19. Qe2 Rad8 20. Bb1 Nb6 21. h4
Rxd1+ 22. Rxd1 Rd8 23. Rxd8+ Qxd8 24. Ng5 b4 25. Nce4 Nd4 26. Qd3 h6 27. Nxf7
Kxf7 28. Nd6+ Bxd6 29. Qxg6+ Ke7 30. Qg7+ Ke8 1-0

[Event "XXXI Memorial Edoardo Crespi B"]
[Site "Milano ITA"]
[Date "2010.12.08"]
[Round "7"]
[White "Palmieri, Giovanni"]
[Black "Reina, Giuseppe"]
[Result "1-0"]
[WhiteElo "1806"]
[BlackElo "1841"]
[PlyCount "63"]
[EventDate "2010.12.04"]

1. d4 Nf6 2. c4 g6 3. Nc3 Bg7 4. e4 d6 5. f4 O-O 6. Nf3 c5 7. d5 b5 8. cxb5 a6
9. a4 axb5 10. Bxb5 Ba6 11. Qc2 Qa5 12. Bd2 Qb4 13. e5 dxe5 14. Nxe5 Bxb5 15.
Nxb5 Qe4+ 16. Qxe4 Nxe4 17. Nc3 Nxd2 18. Kxd2 Rd8 19. Kc2 Na6 20. Rhd1 Nb4+ 21.
Kc1 g5 22. Nc6 Nxc6 23. dxc6 Rxd1+ 24. Kxd1 gxf4 25. Kc2 Bxc3 26. Kxc3 Rc8 27.
a5 Rxc6 28. a6 Rc8 29. a7 Ra8 30. Kc4 e5 31. Kxc5 e4 32. Kb6 1-0

[Event "XXXI Memorial Edoardo Crespi B"]
[Site "Milano ITA"]
[Date "2010.12.08"]
[Round "7"]
[White "Papa, Angelo"]
[Black "Mei, Gianluca"]
[Result "1/2-1/2"]
[WhiteElo "1823"]
[BlackElo "1881"]
[PlyCount "61"]
[EventDate "2010.12.04"]

1. d4 d5 2. Nf3 Nf6 3. c4 e6 4. cxd5 exd5 5. Nc3 c6 6. Bg5 Be7 7. e3 Bf5 8. Bd3
Bxd3 9. Qxd3 Nbd7 10. O-O Nf8 11. Rab1 Ne6 12. Bh4 g6 13. b4 a6 14. Ne5 Nd7 15.
Bxe7 Qxe7 16. f4 Ng7 17. a4 h5 18. e4 dxe4 19. Nxe4 Nxe5 20. fxe5 O-O 21. b5
axb5 22. axb5 Ra3 23. Rb3 Rxb3 24. Qxb3 Qe6 25. Nf6+ Kh8 26. Qxe6 Nxe6 27. d5
cxd5 28. Nxd5 Nd4 29. b6 Kg7 30. Nc7 Rd8 31. Kf2 1/2-1/2

[Event "XXXI Memorial Edoardo Crespi B"]
[Site "Milano ITA"]
[Date "2010.12.08"]
[Round "7"]
[White "Piazza, Angelo"]
[Black "Bernago, Federico"]
[Result "1-0"]
[WhiteElo "1959"]
[BlackElo "1955"]
[PlyCount "148"]
[EventDate "2010.12.04"]

1. Nf3 c5 2. g3 Nc6 3. Bg2 e5 4. d3 d5 5. O-O Bd6 6. Nc3 Nge7 7. Nb5 Bb8 8. b3
a6 9. Na3 f6 10. e4 d4 11. Nc4 Be6 12. a4 Bc7 13. Nh4 Qd7 14. Qh5+ Bf7 15. Qe2
g5 16. Nf5 Nxf5 17. exf5 O-O-O 18. Ba3 Nb4 19. Bxb4 cxb4 20. Qe4 Bd5 21. Qxd5
Qxd5 22. Bxd5 Rxd5 23. Kg2 a5 24. h4 Rg8 25. hxg5 Rxg5 26. Rh1 Rd7 27. Rh6 Bd8
28. Rah1 Rgg7 29. Kf3 b6 30. Ke2 Kb7 31. Nd2 Kc6 32. Ne4 Rgf7 33. Ng5 Rg7 34.
Ne4 Rgf7 35. Ng5 Rg7 36. Ne4 Rgf7 37. R1h4 b5 38. axb5+ Kxb5 39. Rg4 Rf8 40.
Kd2 Kc6 41. Rgh4 Rff7 42. Ng5 Rg7 43. Ne6 Rgf7 44. Nxd8+ Rxd8 45. Rxh7 Rxh7 46.
Rxh7 Rd6 47. Rf7 Kb5 48. Re7 Rd8 49. Re6 Rf8 50. Ke2 a4 51. bxa4+ Kxa4 52. g4
Ka3 53. Kd2 Kb2 54. Rb6 Ka3 55. Kc1 Ka4 56. Kd2 Ka5 57. Rc6 Ka4 58. Ke2 Kb5 59.
Rc4 Rh8 60. Kf3 Rh4 61. Rc8 Rh3+ 62. Ke4 Rh2 63. f3 Re2+ 64. Kd5 Re3 65. Ke6
Rxf3 66. Kxf6 Re3 67. g5 e4 68. dxe4 Re2 69. g6 Rxc2 70. Rxc2 d3 71. Rd2 Kc4
72. g7 Kc3 73. Rxd3+ Kxd3 74. g8=Q Kxe4 1-0

[Event "XXXI Memorial Edoardo Crespi B"]
[Site "Milano ITA"]
[Date "2010.12.08"]
[Round "7"]
[White "Pierandrei, Cristiano"]
[Black "Rota, Giacomo"]
[Result "1-0"]
[WhiteElo "1941"]
[BlackElo "2011"]
[PlyCount "107"]
[EventDate "2010.12.04"]

1. Nf3 d5 2. d4 Nf6 3. c4 dxc4 4. e3 e6 5. Bxc4 c5 6. Nc3 Nc6 7. O-O Be7 8. Qe2
O-O 9. Rd1 cxd4 10. exd4 a6 11. Bg5 b5 12. Bd3 Bb7 13. Bxf6 Bxf6 14. Ne4 Nb4
15. Bb1 Rc8 16. a3 Nd5 17. Ne5 g6 18. Qf3 Bg7 19. Bd3 Qe7 20. Qg3 Nf6 21. Nc5
Rfd8 22. Qh4 Rc7 23. Nxb7 Rxb7 24. Nc6 Qd7 25. Nxd8 Qxd8 26. Be4 Rd7 27. Bf3
Nd5 28. Qxd8+ Rxd8 29. Rac1 b4 30. Rc5 bxa3 31. bxa3 Bf8 32. Ra5 Nc3 33. Rd3
Nb5 34. Rxa6 Nxd4 35. Kf1 e5 36. Ra8 Rd7 37. g4 f5 38. gxf5 gxf5 39. Bh5 f4 40.
Bf3 Rc7 41. Be4 Kg7 42. a4 h5 43. Kg2 Be7 44. a5 h4 45. a6 Ne6 46. f3 Rc2+ 47.
Kh3 Ng5+ 48. Kg4 Rxh2 49. Kf5 Rg2 50. Rd7 Kf7 51. Raa7 Nxe4 52. Rxe7+ Kf8 53.
Kxe4 h3 54. Reb7 1-0

[Event "XXXI Memorial Edoardo Crespi B"]
[Site "Milano ITA"]
[Date "2010.12.08"]
[Round "7"]
[White "Ranfagni, Stefano"]
[Black "Rossi, Giampiero"]
[Result "0-1"]
[WhiteElo "2003"]
[BlackElo "1906"]
[PlyCount "72"]
[EventDate "2010.12.04"]

1. e4 c5 2. Nc3 e6 3. g3 g6 4. Bg2 Bg7 5. d3 Nc6 6. Be3 d6 7. Qd2 Nge7 8. Nge2
O-O 9. O-O f6 10. Bh6 Rb8 11. Bxg7 Kxg7 12. f4 e5 13. Rae1 Bg4 14. h3 Bxe2 15.
Nxe2 Nd4 16. c3 Nxe2+ 17. Rxe2 Nc6 18. Ref2 Qe7 19. h4 h6 20. Kh2 a5 21. g4
exf4 22. Rxf4 Qe5 23. Kg1 b5 24. Qe2 b4 25. Qf3 bxc3 26. bxc3 Qxc3 27. g5 Qd4+
28. Kh1 hxg5 29. hxg5 Rh8+ 30. Bh3 Ne5 31. gxf6+ Kf7 32. Qg2 Qxd3 33. Kh2 Rh5
34. Rg4 Nxg4+ 35. Qxg4 Rb2+ 36. Kg1 Qxh3 0-1

[Event "XXXI Memorial Edoardo Crespi B"]
[Site "Milano ITA"]
[Date "2010.12.08"]
[Round "7"]
[White "Revinelli, Sergio"]
[Black "Pasquotto, Mirko"]
[Result "0-1"]
[WhiteElo "1842"]
[BlackElo "1926"]
[PlyCount "64"]
[EventDate "2010.12.04"]

1. e4 c5 2. Nf3 d6 3. d4 cxd4 4. Nxd4 Nf6 5. Nc3 a6 6. Be2 e5 7. Nb3 Be7 8. a4
Be6 9. O-O O-O 10. f4 Qc7 11. Kh1 Nbd7 12. f5 Bc4 13. Bg5 Rfd8 14. Bxc4 Qxc4
15. Qf3 b5 16. axb5 axb5 17. Na5 Qc7 18. b4 Rdb8 19. Qd3 d5 20. exd5 Bxb4 21.
Nxb5 Qb6 22. Nc6 Rxa1 23. Rxa1 Ng4 24. Rf1 Nf2+ 25. Rxf2 Qxf2 26. h3 Bc5 27.
Kh2 Ra8 28. Nca7 h6 29. Bd2 Qg1+ 30. Kg3 Bf2+ 31. Kf3 Bxa7 32. Nxa7 Qxa7 0-1